| 000 | 00455nam a2200145Ia 4500 | ||
|---|---|---|---|
| 003 | OSt | ||
| 005 | 20260119142740.0 | ||
| 008 | 211028s2013 xx 000 0 und d | ||
| 040 | _cAIMIT LIBRARY | ||
| 041 | _aeng | ||
| 100 |
_aRodrigues, Ronald Joseph;Kairanna, Sneha. _g1116134 _97075 |
||
| 245 | _aStudy on customer satisfaction regarding service provided by mandovi motors Mangalore / | ||
| 260 |
_aMangalore _bSneha Kairanna _c2013 |
||
| 942 |
_2ddc _cPRO |
||
| 999 |
_c218645 _d218645 |
||